| 000 | 00647nam a22002057a 4500 | ||
|---|---|---|---|
| 005 | 20260304130310.0 | ||
| 008 | 260304b |||||||| |||| 00| 0 eng d | ||
| 020 | _a9780781735117 | ||
| 050 |
_aRC 76 _b.B53 2003 |
||
| 100 | _aBickley, Lynn S., | ||
| 245 | _aBates' guide to physical examination and history taking / | ||
| 250 | _a Fourteenth edition. | ||
| 260 |
_aPhiladelphia, PA : _bWolters Kluwer, _c2003 |
||
| 300 |
_axxiii, 862p _bill.; _c21cm |
||
| 500 | _aIncludes bibliographical references and index. | ||
| 650 | _aPhysical Examination | ||
| 650 | _a Medical History Taking | ||
| 700 | _aSzilagyi, Peter G | ||
| 942 |
_2lcc _cBK |
||
| 999 |
_c60220 _d60220 |
||